Statistics for Modern-Day Countries of the Safavid Empire

Click here to take the quiz!

General Stats

  • This quiz has been taken 14 times
  • The average score is 13 of 14

Answer Stats

Countries% Correct
Afghanistan
100%
Iran
100%
Iraq
100%
Kuwait
100%
Pakistan
100%
Syria
100%
Turkey
100%
Armenia
91%
Azerbaijan
91%
Russia
91%
Uzbekistan
91%
Bahrain
82%
Georgia
82%
Turkmenistan
82%

Score Distribution

Percentile by Number Answered

Percent of People with Each Score

Your Score History

You have not taken this quiz